000 00703nam a2200217Ia 4500
008 191130s2008##################000#0#eng##
020 _a9780205530472
022 _a2007006859
040 _aACL
_cACL
082 _a302.2 TRE
100 _aTrenholm, Sarah
245 _aThinking through communication : an introduction to the study of human communication
_cSarah Trenholm
250 _a5th ed
260 _aBoston, MA
_bPearson/Allyn and Bacon
_cc2008
300 _axx, 428 p. : ill. (some col.) ; 24 cm
500 _aIncludes bibliographical references (p. 401-415) and indexes
650 _aCommunication
990 _aa46d0b7bac10000c65e80378564e8bf2
991 _a215678
999 _c78215
_d78215